000 00940nam a2200229Ia 4500
001 L485-25679
003 IT-CnALBA
008 170116s9999||||xx |||||||||||||| ||und||
040 _aIT-CnALBA
_cIT-CnALBA
041 _aGRECO
100 _aMANCINI AUGUSTO
245 0 _aESERCIZI E LETTURE GRECHE. PER LA IV E V CLASSE GINNASIALE.
250 _a5a ed.
260 _aMILANO - VERONA
_bMONDADORI ARNOLDO. EDIT.
_c1944 [1° Ed.:1935 - Ed.Ling.Originale: 1935]
300 _a391 p. (prefazione: 12)
500 _aPREFAZIONE DELL'AUTORE. VOCABOLARIETTO. GRECO ITALIANO, ITALIANO GRECO. CONFRONTA DOCUMENTO 25678.
501 _aSocietà San Paolo EM - Piazza San Paolo, 14 - 12051 ALBA (CN) (non commercial uses only) ® Copyright 2017
520 _aPREFAZIONE DELL'AUTORE. VOCABOLARIETTO. GRECO ITALIANO, ITALIANO GRECO. CONFRONTA DOCUMENTO 25678.
650 _aGRAMMATICA GRECA - ESERCIZI
942 _cBK
957 _71
999 _a30466
_bSI
_g Copie: 1
_c284792
_d284792